<?xml version="1.0" encoding="UTF-8"?>
<record
    xmlns:xsi="http://www.w3.org/2001/XMLSchema-instance"
    xsi:schemaLocation="http://www.loc.gov/MARC21/slim http://www.loc.gov/standards/marcxml/schema/MARC21slim.xsd"
    xmlns="http://www.loc.gov/MARC21/slim">

  <leader>01325nam a2200253   4500</leader>
  <datafield tag="952" ind1=" " ind2=" ">
    <subfield code="0">0</subfield>
    <subfield code="1">0</subfield>
    <subfield code="4">0</subfield>
    <subfield code="7">0</subfield>
    <subfield code="a">22</subfield>
    <subfield code="b">22</subfield>
    <subfield code="d">2019-06-13</subfield>
    <subfield code="l">0</subfield>
    <subfield code="o">972.01 G178m</subfield>
    <subfield code="p">01 014966</subfield>
    <subfield code="r">2019-06-13</subfield>
    <subfield code="t">1</subfield>
    <subfield code="w">2019-06-13</subfield>
    <subfield code="y">LB</subfield>
  </datafield>
  <datafield tag="999" ind1=" " ind2=" ">
    <subfield code="c">104257</subfield>
    <subfield code="d">104257</subfield>
  </datafield>
  <controlfield tag="005">20231102152112.0</controlfield>
  <controlfield tag="008">190613s2017    mx ab||| |||| 00| 0 spa d</controlfield>
  <datafield tag="020" ind1=" " ind2=" ">
    <subfield code="a">9786071730473</subfield>
  </datafield>
  <datafield tag="082" ind1=" " ind2=" ">
    <subfield code="a">972.01</subfield>
    <subfield code="b">G178m</subfield>
  </datafield>
  <datafield tag="100" ind1=" " ind2="1">
    <subfield code="a">Gardu&#xF1;o Argueta, Jaime</subfield>
    <subfield code="e">autor</subfield>
  </datafield>
  <datafield tag="245" ind1=" " ind2=" ">
    <subfield code="a">Los Mayas de Quintana Roo</subfield>
    <subfield code="c">/ Jaime Gardu&#xF1;o Argueta, colaboradores Mayelnikte Gardu&#xF1;o Sansores y Pedro Gonz&#xE1;lez Ancona</subfield>
  </datafield>
  <datafield tag="260" ind1=" " ind2=" ">
    <subfield code="a">M&#xE9;xico</subfield>
    <subfield code="b">: Trillas</subfield>
    <subfield code="c">, 2017</subfield>
  </datafield>
  <datafield tag="300" ind1=" " ind2=" ">
    <subfield code="a">72 p&#xE1;ginas</subfield>
    <subfield code="b">: ilustraciones, mapas</subfield>
  </datafield>
  <datafield tag="490" ind1=" " ind2=" ">
    <subfield code="a">Colecci&#xF3;n Bicentenario</subfield>
  </datafield>
  <datafield tag="500" ind1=" " ind2=" ">
    <subfield code="a">En portado: 
Un paseo por la historia
La navegaci&#xF3;n
Nuevos hallazgos
El sak be'</subfield>
  </datafield>
  <datafield tag="504" ind1=" " ind2=" ">
    <subfield code="a">Bibliograf&#xED;a (p. 71)</subfield>
  </datafield>
  <datafield tag="505" ind1=" " ind2=" ">
    <subfield code="a">Quintana Roo. Territorio Maya
Un paseo por la historia
De vegetaci&#xF3;n y fauna
El conchero de Canc&#xFA;n
La pesca en la bah&#xED;a de Chetumal
La navegaci&#xF3;n
Nuevos hallazgos
El juego de pelota
Una civilizaci&#xF3;n adelantada
La organizaci&#xF3;n pol&#xED;tica
La organizaci&#xF3;n social
Las ciudades mayas
Gonzalo Guerrero y Ger&#xF3;nimo de Aguilar: una historia singular
Cr&#xF3;nicas mayas: la vida cotidiana </subfield>
  </datafield>
  <datafield tag="519" ind1=" " ind2=" ">
    <subfield code="a">Material Complementario /</subfield>
    <subfield code="d">(01 014966)</subfield>
  </datafield>
  <datafield tag="650" ind1="1" ind2="4">
    <subfield code="a">MAYAS</subfield>
    <subfield code="x">HISTORIA</subfield>
  </datafield>
  <datafield tag="650" ind1="2" ind2="4">
    <subfield code="a">MAYAS</subfield>
    <subfield code="x">VIDA SOCIAL Y COSTUMBRES</subfield>
  </datafield>
  <datafield tag="700" ind1=" " ind2=" ">
    <subfield code="a">Gardu&#xF1;o Sansores, Mayelnikte</subfield>
    <subfield code="e">colaboradora</subfield>
  </datafield>
  <datafield tag="700" ind1=" " ind2=" ">
    <subfield code="a">Gonz&#xE1;lez Ancona, Pedro</subfield>
    <subfield code="e">colaborador</subfield>
  </datafield>
  <datafield tag="942" ind1=" " ind2=" ">
    <subfield code="c">LB</subfield>
    <subfield code="2">lcc</subfield>
  </datafield>
</record>
